Constitucionalismo y democracia / (Record no. 91318)

MARC details
000 -CABECERA
campo de control de longitud fija 00806nam a2200217 a 4500
005 - FECHA Y HORA DE LA ÚLTIMA TRANSACCIÓN
campo de control 20240913063926.0
008 - ELEMENTOS DE LONGITUD FIJA--INFORMACIÓN GENERAL
campo de control de longitud fija 020909s1999 mx r 000 0 spa d
020 ## - NÚMERO INTERNACIONAL NORMALIZADO PARA LIBROS
Número Internacional Estándar del Libro 9681649273
035 ## - NÚMERO DE CONTROL DEL SISTEMA
Número de control de sistema UPN01000118956
049 ## - COLECCIÓN
Colección CG
050 #4 - SIGNATURA TOPOGRÁFICA DE LA BIBLIOTECA DEL CONGRESO
Número de clasificación JC423
Número de documento/Ítem C3.68
245 00 - MENCIÓN DE TÍTULO
Título Constitucionalismo y democracia /
Mención de responsabilidad, etc. Jon Elster ... [et al.] ; introd. de Alejandro Herrera M.
260 ## - PUBLICACIÓN, DISTRIBUCIÓN, ETC.
Lugar de publicación, distribución, etc. México :
Nombre del editor, distribuidor, etc. Colegio Nacional de Ciencias Políticas y Administración Pública :
Lugar de publicación, distribución, etc. FCE,
Fecha de publicación, distribución, etc. 1999.
300 ## - DESCRIPCIÓN FÍSICA
Extensión 381 P.
440 #0 - MENCIÓN DE SERIE/ASIENTO SECUNDARIO--TÍTULO
Título Sección de obras de administración pública.
Nombre de parte o sección de la obra Nuevas lecturas de política y gobierno
534 ## - NOTA SOBRE LA VERSIÓN ORIGINAL
Frase introductoria Traducción de :
Mención de título del original Constitucionalism and democracy
650 #4 - ASIENTO SECUNDARIO DE MATERIA - TERMINO TEMATICO
Término de materia o nombre geográfico como elemento de entrada Democracia
9 (RLIN) 6020
650 #4 - ASIENTO SECUNDARIO DE MATERIA - TERMINO TEMATICO
Término de materia o nombre geográfico como elemento de entrada Derecho constitucional
9 (RLIN) 10180
700 1# - ASIENTO SECUNDARIO--NOMBRE DE PERSONAL
Nombre de persona Elster, Jon,
Fechas asociadas al nombre 1940-
Término indicativo de función/relación couat.
9 (RLIN) 33812
905 ## - TIPO DE MATERIAL
Tipo de material Libro
Holdings
Estado de retiro Estado de pérdida Fuente del sistema de clasificación o colocación Estado dañado No para préstamo Código de colección Localización permanente Ubicación/localización actual Ubicación en estantería Total de préstamos Clasificación Código de barras Fecha visto por última vez Número de copia Tipo de ítem Koha Renovaciones totales Fecha del último préstamo
    Library of Congress Classification     Colección General Bib. Gregorio Torres Quintero Bib. Gregorio Torres Quintero Planta baja   JC423 C3.68 211310 31/12/2020 1 Libro    
    Library of Congress Classification     Colección General Bib. Gregorio Torres Quintero Bib. Gregorio Torres Quintero Planta baja 2 JC423 C3.68 207562 31/12/2020 1 Libro    
    Library of Congress Classification     Colección General Bib. Gregorio Torres Quintero Bib. Gregorio Torres Quintero Planta baja 4 JC423 C3.68 196273 06/06/2025 1 Libro 1 07/12/2024
    Library of Congress Classification     Colección General Bib. Gregorio Torres Quintero Bib. Gregorio Torres Quintero Planta baja 1 JC423 C3.68 221400 31/12/2020 1 Libro